000 00349pab a2200145 454500
008 180718b1998 xxu||||| |||| 00| 0 eng d
100 _aJohar, K.L.
245 _aManagement education in changing scenario
260 _c1998
300 _ap.1-2
362 _a2 Feb
650 _aManagement education
773 _aUniversity News
909 _a36731
999 _c36731
_d36731